000 01976cam a22004454i 4500
003 PE-LiUPU
005 20250731173129.0
008 150623s r 000 0 d
020 _a0310456916
035 _a(Sirsi) i9780310456919
040 _aPE-LiUPU
_bspa
_cPE-LiUPU
_erda
049 _aPRUA
082 0 4 _a220.52
_bK87
_221
100 1 _aKubo, Sakae,
_d1926-,
_eautor.
245 1 0 _aSo many versions? :
_btwentieth-century english versions of the Bible /
_cSakae Kubo.
264 1 _aGrand Rapids, Michigan :
_bZondervan Publishing House,
_c1983.
300 _a401 páginas ;
_c20 centímetros
336 _atext
_2rdacontent
337 _aunmediated
_2rdamedia
338 _avolume
_2rdacarrier
505 0 _aEarly modern speech versions. The revised standard version. The knox translation. Phillip's translation. The modern language Bible. The new world translation. The New Jewis Version. The amplified Bible. The Jerusalem Bible. Barclay's New Testament. The good news Bible today's english version. The New English Bible. The New American Bible. The New American Standard Bible. The living Bible. The New International Version. The New King James Version. the reader's digest Bible. Some Colorful versions. Guidelines for selecting a viersion.
526 _aSEG42
526 _aSEG41
526 _aSEG40
526 _aSEG39
526 _aP94
526 _aP87
526 _aP86
526 _aP85
526 _aP77
526 _aP76
526 _aP35
650 0 4 _aVersiones de la Biblia.
942 _2ddc
_cBOOK
949 _a220.52 K87
_wDEWEY
_c1
_i51525
_lCCODEBUL1
_mBUL
_p12.00
_r0
_sY
_tBOOK
_u2015-6-24
_xTEOLOGIA
_PP35
_0COMPRA
_o.STAFF. Colección General
994 _aC0
_bPEPRU
596 _a1
999 _a220.52 K87
_wDEWEY
_c33250
_i51525
_d33250
_f2021-11-9
_g5
_lCCODEBUL1
_mBUL
_p12.00
_q1
_r0
_sY
_tBOOK
_u2015-6-24
_xTEOLOGIA
_PP35
_0COMPRA
_o.STAFF. Colección General
980 _81
_gALBERTO SANCHEZ Responsable de Automatización